000
00310nam a2200133Ia 4500
008
231017s9999 xx 000 0 und d
082
_a
625.852
082
_b
GRE
245
0
_a
Analysis of Sulfur Compound Types in Asphalt
245
0
_c
John Green
260
_b
John Green
300
_c
30cm
942
_c
REP
999
_c
604602
_d
604602